000 00228 a2200097 4500
001 37835
100 _aKelly S G
245 _aFundamental of Mechanics vibrations
260 _aSingapore
_bMcGraw-Hill
_c
090 _c24027
_d24027
942 _aNUST-CAE
_cM
_c15589
999 _c272908
_d272908